Three Letter Bible Answers - Statistics

General Stats
  • This quiz has been taken 41 times
  • The average score is 12 of 20
Answer Stats
Hint Answer % Correct
First woman Eve
100%
What she was made from Rib
94%
What Noah built Ark
91%
Daniel was tossed into a lion's ___ Den
91%
Jesus is the Son of ___ God
91%
Nephew of Abraham, whose wife became a pillar of salt Lot
79%
Three-letter Book of the Bible Job
76%
Jesus is also equally the Son of ___ Man
74%
Notably unclean animal Pig
74%
Tree which the first people made their clothes from Fig
62%
One of the things God created on the 4th day of Creation Sun
53%
Sacrifice animal that God provided for Abraham in the place of Isaac Ram
50%
What God separated from the water on day 2 of Creation Sky
50%
High priest that mentored Samuel Eli
47%
One of the twelve tribes of Israel Dan
38%
Elisha gave a widow unlimited ___ Oil
38%
'This __ is the new covenant in my blood' Cup
35%
One of the twelve tribes of Israel Gad
35%
Genesis-Deuteronomy is the 'Torah', also known as Books of ___ Law
29%
King of Judah, descendant of David Asa
9%
No matching quizzes found
Score Distribution
Percent of People with Each Score
Percentile by Number Answered
Your Score History
You have not taken this quiz